000 00603nam a22002177a 4500
003 UA-OsUOA
001 79159
007 ta
008 20111103b un ||||| |||| 00| 0 ukr d
100 _aСодомора П.
090 _a101
_bС57
942 _cSA
040 _aUA-OsUOA
_bukr
_cUA-OsUOA
_dUA-OsUOA
245 _aІнтелект, мислення, розуміння у системі термінів святого Томи з Аквіну
300 _aС.167-173
955 _a0
041 _aukr
080 _a101
773 0 _w79129
650 7 _a1 Філософські науки
_2UDC
999 _c365480
_d365480